[Event "DVM U14 2022"]
[Site "Kelheim GER"]
[Date "2022.12.29"]
[Round "6"]
[White "Bräutigam, Katerina"]
[Black "Möller, Maurin"]
[Result "0-1"]
[Termination "normal"]
[Board "3.1"]
[WhiteElo "1874"]
[BlackElo "1998"]
[WhiteClock "00:29:44"]
[BlackClock "00:51:04"]
[WhiteTeam "SK Doppelbauer Kiel"]
[BlackTeam "SK Blauer Springer Paderborn 1926 e. V."]
[PlyCount "84"]
[WhiteFideId "16242980"]
[BlackFideId "16265696"]
[EventCountry "GER"]
[EventRounds "7"]
[EventType "team-swiss"]
[EventDate "2022.12.26"]

1. e4 {[%clk 01:30:59]} {[%emt 00:37:09]} c5 {[%clk 01:30:52]} {[%emt
00:00:12]} 2. Nc3 {[%clk 01:31:24]} {[%emt 00:00:04]} e6 {[%clk 01:31:09]}
{[%emt 00:00:10]} 3. g3 {[%clk 01:31:48]} {[%emt 00:00:05]} Nc6 {[%clk
01:31:03]} {[%emt 00:00:36]} 4. Bg2 {[%clk 01:32:08]} {[%emt 00:00:10]} a6
{[%clk 01:31:11]} {[%emt 00:00:22]} 5. d3 {[%clk 01:32:29]} {[%emt 00:00:10]}
b5 {[%clk 01:31:16]} {[%emt 00:00:24]} 6. f4 {[%clk 01:31:56]} {[%emt
00:01:02]} Bb7 {[%clk 01:31:33]} {[%emt 00:00:14]} 7. Nf3 {[%clk 01:31:09]}
{[%emt 00:01:17]} d5 {[%clk 01:31:46]} {[%emt 00:00:17]} 8. e5 {[%clk
01:30:56]} {[%emt 00:00:43]} Nge7 {[%clk 01:25:41]} {[%emt 00:06:36]} 9. O-O
{[%clk 01:30:39]} {[%emt 00:00:46]} Nf5 {[%clk 01:24:51]} {[%emt 00:01:20]} 10.
Ne2 {[%clk 01:27:43]} {[%emt 00:03:26]} h5 {[%clk 01:24:27]} {[%emt 00:00:54]}
11. h3 {[%clk 01:26:06]} {[%emt 00:02:07]} a5 {[%clk 01:20:49]} {[%emt
00:04:08]} 12. Kh2 {[%clk 01:20:24]} {[%emt 00:06:11]} Ba6 {[%clk 01:16:24]}
{[%emt 00:04:56]} 13. c3 {[%clk 01:11:00]} {[%emt 00:09:55]} Qb6 {[%clk
01:15:54]} {[%emt 00:00:59]} 14. b3 {[%clk 00:53:21]} {[%emt 00:18:09]} Be7
{[%clk 01:11:13]} {[%emt 00:05:11]} 15. Qd2 {[%clk 00:47:43]} {[%emt 00:06:08]}
a4 {[%clk 01:08:35]} {[%emt 00:03:08]} 16. bxa4 {[%clk 00:38:40]} {[%emt
00:09:33]} b4 {[%clk 01:05:39]} {[%emt 00:03:29]} 17. Rb1 {[%clk 00:34:23]}
{[%emt 00:04:44]} Qa5 {[%clk 01:03:20]} {[%emt 00:02:48]} 18. c4 {[%clk
00:27:39]} {[%emt 00:07:14]} dxc4 {[%clk 00:54:49]} {[%emt 00:09:02]} 19. Nh4
{[%clk 00:18:14]} {[%emt 00:09:56]} Rc8 {[%clk 00:54:06]} {[%emt 00:01:12]} 20.
Nxf5 {[%clk 00:16:46]} {[%emt 00:01:58]} exf5 {[%clk 00:54:11]} {[%emt
00:00:26]} 21. dxc4 {[%clk 00:15:16]} {[%emt 00:02:00]} Qxa4 {[%clk 00:53:11]}
{[%emt 00:01:29]} 22. Bd5 {[%clk 00:08:28]} {[%emt 00:07:18]} Nd8 {[%clk
00:47:40]} {[%emt 00:06:01]} 23. Qd3 {[%clk 00:04:57]} {[%emt 00:04:01]} g6
{[%clk 00:38:50]} {[%emt 00:09:20]} 24. Bb2 {[%clk 00:03:05]} {[%emt 00:02:22]}
Ne6 {[%clk 00:38:50]} {[%emt 00:00:31]} 25. Kg2 {[%clk 00:01:54]} {[%emt
00:01:41]} O-O {[%clk 00:38:16]} {[%emt 00:01:03]} 26. g4 {[%clk 00:01:23]}
{[%emt 00:01:01]} Rfd8 {[%clk 00:33:11]} {[%emt 00:05:34]} 27. gxf5 {[%clk
00:00:36]} {[%emt 00:01:18]} Rxd5 {[%clk 00:32:17]} {[%emt 00:01:24]} 28. Qxd5
{[%clk 00:00:45]} {[%emt 00:00:20]} gxf5 {[%clk 00:32:38]} {[%emt 00:00:10]}
29. Kh2 {[%clk 00:00:36]} {[%emt 00:00:39]} Rd8 {[%clk 00:31:15]} {[%emt
00:01:52]} 30. Qg2 {[%clk 00:00:45]} {[%emt 00:00:22]} Kh7 {[%clk 00:30:17]}
{[%emt 00:01:29]} 31. Qf3 {[%clk 00:00:36]} {[%emt 00:00:38]} Ng7 {[%clk
00:29:37]} {[%emt 00:01:10]} 32. e6 {[%clk 00:00:37]} {[%emt 00:00:30]} f6
{[%clk 00:29:44]} {[%emt 00:00:23]} 33. Rg1 {[%clk 00:00:41]} {[%emt 00:00:25]}
Qe8 {[%clk 00:28:11]} {[%emt 00:02:03]} 34. Qg2 {[%clk 00:00:51]} {[%emt
00:00:20]} Nxe6 {[%clk 00:28:23]} {[%emt 00:00:18]} 35. Ng3 {[%clk 00:00:37]}
{[%emt 00:00:43]} Bd6 {[%clk 00:22:07]} {[%emt 00:06:47]} 36. Nxf5 {[%clk
00:00:34]} {[%emt 00:00:33]} Bxf4 {[%clk 00:22:27]} {[%emt 00:00:09]} 37. Kh1
{[%clk 00:00:45]} {[%emt 00:00:19]} Rd2 {[%clk 00:21:22]} {[%emt 00:01:35]} 38.
Qg8 {[%clk 00:00:35]} {[%emt 00:00:40]} Qxg8 {[%clk 00:21:43]} {[%emt
00:00:08]} 39. Rxg8 {[%clk 00:00:52]} {[%emt 00:00:13]} Kxg8 {[%clk 00:22:11]}
{[%emt 00:00:03]} 40. Bxf6 {[%clk 00:00:37]} {[%emt 00:00:45]} Bb7 {[%clk
00:20:44]} {[%emt 00:01:56]} 41. Kg1 {[%clk 00:01:01]} {[%emt 00:00:07]} Rxa2
{[%clk 00:20:46]} {[%emt 00:00:28]} 42. Re1 {[%clk 00:29:44]} {[%emt 00:01:47]}
Bh2 {[%clk 00:51:04]} {[%emt 00:00:13]} 0-1

[Event "DVM U14 2022"]
[Site "Kelheim GER"]
[Date "2022.12.29"]
[Round "6"]
[White "Rogalski, Niclas"]
[Black "Bräutigam, Alexander"]
[Result "1/2-1/2"]
[Termination "normal"]
[Board "3.2"]
[WhiteElo "1523"]
[BlackElo "1941"]
[WhiteClock "00:22:38"]
[BlackClock "01:06:57"]
[WhiteTeam "SK Blauer Springer Paderborn 1926 e. V."]
[BlackTeam "SK Doppelbauer Kiel"]
[PlyCount "73"]
[WhiteFideId "34640320"]
[BlackFideId "16245210"]
[EventCountry "GER"]
[EventRounds "7"]
[EventType "team-swiss"]
[EventDate "2022.12.26"]

1. e4 {[%clk 01:30:59]} c5 {[%clk 01:30:55]} {[%emt 00:00:06]} 2. d4 {[%clk
01:31:21]} {[%emt 00:00:08]} cxd4 {[%clk 01:31:20]} {[%emt 00:00:04]} 3. c3
{[%clk 01:31:45]} {[%emt 00:00:07]} dxc3 {[%clk 01:31:45]} {[%emt 00:00:04]} 4.
Nxc3 {[%clk 01:32:10]} {[%emt 00:00:06]} Nc6 {[%clk 01:32:10]} {[%emt
00:00:05]} 5. Nf3 {[%clk 01:32:32]} {[%emt 00:00:07]} d6 {[%clk 01:32:33]}
{[%emt 00:00:08]} 6. Bc4 {[%clk 01:32:54]} {[%emt 00:00:08]} Nf6 {[%clk
01:32:26]} {[%emt 00:00:36]} 7. e5 {[%clk 01:33:09]} {[%emt 00:00:15]} dxe5
{[%clk 01:29:25]} {[%emt 00:03:30]} 8. Qxd8 {[%clk 01:32:54]} {[%emt 00:00:45]}
Nxd8 {[%clk 01:28:01]} {[%emt 00:01:55]} 9. Nb5 {[%clk 01:31:32]} {[%emt
00:01:52]} Rb8 {[%clk 01:27:01]} {[%emt 00:01:30]} 10. Nxe5 {[%clk 01:29:56]}
{[%emt 00:02:06]} e6 {[%clk 01:25:41]} {[%emt 00:01:51]} 11. Bf4 {[%clk
01:26:07]} {[%emt 00:04:18]} Bb4 {[%clk 01:25:55]} {[%emt 00:00:16]} 12. Ke2
{[%clk 01:17:20]} {[%emt 00:09:17]} a6 {[%clk 01:23:49]} {[%emt 00:02:37]} 13.
Nc3 {[%clk 01:10:37]} {[%emt 00:07:12]} Nh5 {[%clk 01:22:41]} {[%emt 00:01:37]}
14. Be3 {[%clk 01:09:12]} {[%emt 00:01:55]} b5 {[%clk 01:22:23]} {[%emt
00:00:48]} 15. Bb3 {[%clk 01:07:47]} {[%emt 00:01:56]} Bb7 {[%clk 01:22:20]}
{[%emt 00:00:33]} 16. f3 {[%clk 01:06:33]} {[%emt 00:01:44]} Bd6 {[%clk
01:20:45]} {[%emt 00:02:04]} 17. Nd3 {[%clk 01:03:38]} {[%emt 00:03:26]} Nc6
{[%clk 01:18:43]} {[%emt 00:02:32]} 18. Ne4 {[%clk 01:00:35]} {[%emt 00:03:33]}
Be7 {[%clk 01:18:28]} {[%emt 00:00:45]} 19. Nec5 {[%clk 00:56:49]} {[%emt
00:04:16]} Nf6 {[%clk 01:17:48]} {[%emt 00:01:10]} 20. Rac1 {[%clk 00:55:41]}
{[%emt 00:01:38]} Na5 {[%clk 01:17:25]} {[%emt 00:00:53]} 21. Nxb7 {[%clk
00:47:39]} {[%emt 00:08:32]} Nxb7 {[%clk 01:16:40]} {[%emt 00:01:16]} 22. Rc6
{[%clk 00:42:13]} {[%emt 00:05:54]} Na5 {[%clk 01:13:39]} {[%emt 00:03:31]} 23.
Rxa6 {[%clk 00:42:00]} {[%emt 00:00:43]} Nxb3 {[%clk 01:12:37]} {[%emt
00:01:33]} 24. axb3 {[%clk 00:42:22]} {[%emt 00:00:08]} O-O {[%clk 01:12:58]}
{[%emt 00:00:09]} 25. Rc1 {[%clk 00:41:16]} {[%emt 00:01:36]} Nd5 {[%clk
01:11:36]} {[%emt 00:01:52]} 26. Bc5 {[%clk 00:36:51]} {[%emt 00:04:55]} Bxc5
{[%clk 01:11:27]} {[%emt 00:00:39]} 27. Rxc5 {[%clk 00:37:02]} {[%emt
00:00:19]} Rbc8 {[%clk 01:10:23]} {[%emt 00:01:34]} 28. Rxc8 {[%clk 00:31:25]}
{[%emt 00:06:06]} Rxc8 {[%clk 01:10:41]} {[%emt 00:00:13]} 29. Kd2 {[%clk
00:30:48]} {[%emt 00:01:07]} Rd8 {[%clk 01:09:43]} {[%emt 00:01:28]} 30. Ke2
{[%clk 00:29:03]} {[%emt 00:02:14]} g5 {[%clk 01:08:27]} {[%emt 00:01:46]} 31.
Ra5 {[%clk 00:25:37]} {[%emt 00:03:57]} Rb8 {[%clk 01:07:27]} {[%emt 00:01:33]}
32. Ra7 {[%clk 00:23:16]} {[%emt 00:02:48]} Rc8 {[%clk 01:06:04]} {[%emt
00:01:52]} 33. Kd2 {[%clk 00:22:21]} {[%emt 00:01:25]} Rd8 {[%clk 01:06:21]}
{[%emt 00:00:15]} 34. Ke2 {[%clk 00:21:52]} {[%emt 00:00:58]} Rc8 {[%clk
01:06:11]} {[%emt 00:00:40]} 35. Kd2 {[%clk 00:21:49]} {[%emt 00:00:32]} Rd8
{[%clk 01:06:34]} {[%emt 00:00:08]} 36. Ke2 {[%clk 00:22:13]} {[%emt 00:00:06]}
Rc8 {[%clk 01:06:57]} {[%emt 00:00:07]} 37. Kd2 {[%clk 00:22:38]} {[%emt
00:00:04]} 1/2-1/2

[Event "DVM U14 2022"]
[Site "Kelheim GER"]
[Date "2022.12.29"]
[Round "6"]
[White "Vollbehr, Bjarne"]
[Black "Klerx, Philipp"]
[Result "1-0"]
[Termination "normal"]
[Board "3.3"]
[WhiteElo "1791"]
[BlackElo "1400"]
[WhiteClock "01:31:35"]
[BlackClock "01:04:15"]
[WhiteTeam "SK Doppelbauer Kiel"]
[BlackTeam "SK Blauer Springer Paderborn 1926 e. V."]
[PlyCount "105"]
[WhiteFideId "34606025"]
[BlackFideId "34640274"]
[EventCountry "GER"]
[EventRounds "7"]
[EventType "team-swiss"]
[EventDate "2022.12.26"]

1. d4 {[%clk 01:30:57]} {[%emt 00:00:04]} d5 {[%clk 01:30:34]} {[%emt
00:00:25]} 2. c4 {[%clk 01:31:22]} {[%emt 00:00:05]} Bf5 {[%clk 01:30:33]}
{[%emt 00:00:31]} 3. cxd5 {[%clk 01:30:07]} {[%emt 00:01:45]} Bxb1 {[%clk
01:30:33]} {[%emt 00:00:30]} 4. Rxb1 {[%clk 01:30:22]} {[%emt 00:00:15]} Qxd5
{[%clk 01:31:01]} {[%emt 00:00:03]} 5. a3 {[%clk 01:30:03]} {[%emt 00:00:48]}
Nc6 {[%clk 01:29:55]} {[%emt 00:01:36]} 6. e3 {[%clk 01:29:30]} {[%emt
00:01:04]} Nf6 {[%clk 01:29:36]} {[%emt 00:00:48]} 7. Nf3 {[%clk 01:29:26]}
{[%emt 00:00:34]} e6 {[%clk 01:28:42]} {[%emt 00:01:24]} 8. Qc2 {[%clk
01:27:49]} {[%emt 00:02:06]} Bd6 {[%clk 01:27:08]} {[%emt 00:02:04]} 9. Bc4
{[%clk 01:26:44]} {[%emt 00:01:35]} Qh5 {[%clk 01:25:42]} {[%emt 00:01:56]} 10.
O-O {[%clk 01:25:05]} {[%emt 00:02:09]} e5 {[%clk 01:14:27]} {[%emt 00:11:47]}
11. Bb5 {[%clk 01:19:50]} {[%emt 00:05:44]} e4 {[%clk 01:11:17]} {[%emt
00:03:41]} 12. Bxc6 {[%clk 01:20:01]} {[%emt 00:00:17]} bxc6 {[%clk 01:10:44]}
{[%emt 00:01:04]} 13. Qxc6 {[%clk 01:20:24]} {[%emt 00:00:06]} Ke7 {[%clk
01:10:46]} {[%emt 00:00:29]} 14. Ne5 {[%clk 01:20:42]} {[%emt 00:00:14]} Bxe5
{[%clk 01:01:57]} {[%emt 00:09:17]} 15. dxe5 {[%clk 01:20:32]} {[%emt
00:00:40]} Qxe5 {[%clk 01:02:14]} {[%emt 00:00:13]} 16. h3 {[%clk 01:20:07]}
{[%emt 00:00:55]} g5 {[%clk 01:01:46]} {[%emt 00:00:59]} 17. b4 {[%clk
01:20:09]} {[%emt 00:00:27]} Rab8 {[%clk 01:00:55]} {[%emt 00:01:22]} 18. Bb2
{[%clk 01:20:24]} {[%emt 00:00:14]} Rb6 {[%clk 01:01:08]} {[%emt 00:00:18]} 19.
Qxb6 {[%clk 01:20:12]} {[%emt 00:00:42]} cxb6 {[%clk 00:58:44]} {[%emt
00:02:55]} 20. Bxe5 {[%clk 01:20:32]} {[%emt 00:00:09]} Re8 {[%clk 00:57:15]}
{[%emt 00:01:59]} 21. Bxf6 {[%clk 01:20:47]} {[%emt 00:00:15]} Kxf6 {[%clk
00:57:43]} {[%emt 00:00:03]} 22. Rbc1 {[%clk 01:21:09]} {[%emt 00:00:07]} Re7
{[%clk 00:58:01]} {[%emt 00:00:12]} 23. Rfd1 {[%clk 01:21:32]} {[%emt
00:00:07]} h5 {[%clk 00:57:44]} {[%emt 00:00:47]} 24. Rc6 {[%clk 01:21:54]}
{[%emt 00:00:07]} Kg7 {[%clk 00:58:06]} {[%emt 00:00:09]} 25. Rd5 {[%clk
01:22:16]} {[%emt 00:00:08]} f6 {[%clk 00:58:00]} {[%emt 00:00:36]} 26. Rcd6
{[%clk 01:22:38]} {[%emt 00:00:08]} Kg6 {[%clk 00:57:57]} {[%emt 00:00:34]} 27.
Rd7 {[%clk 01:23:00]} {[%emt 00:00:08]} Re6 {[%clk 00:58:18]} {[%emt 00:00:09]}
28. g4 {[%clk 01:23:21]} {[%emt 00:00:08]} a6 {[%clk 00:58:00]} {[%emt
00:00:49]} 29. Ra7 {[%clk 01:23:37]} {[%emt 00:00:15]} b5 {[%clk 00:58:21]}
{[%emt 00:00:08]} 30. Rdd7 {[%clk 01:24:00]} {[%emt 00:00:06]} hxg4 {[%clk
00:58:20]} {[%emt 00:00:31]} 31. hxg4 {[%clk 01:24:24]} {[%emt 00:00:07]} f5
{[%clk 00:58:45]} {[%emt 00:00:06]} 32. Rg7 {[%clk 01:24:48]} {[%emt 00:00:05]}
Kf6 {[%clk 00:58:28]} {[%emt 00:00:47]} 33. Raf7 {[%clk 01:24:55]} {[%emt
00:00:23]} Ke5 {[%clk 00:58:52]} {[%emt 00:00:06]} 34. Re7 {[%clk 01:25:09]}
{[%emt 00:00:15]} fxg4 {[%clk 00:59:02]} {[%emt 00:00:20]} 35. Rxe6 {[%clk
01:25:28]} {[%emt 00:00:11]} Kxe6 {[%clk 00:59:31]} 36. Rg6 {[%clk 01:25:50]}
{[%emt 00:00:09]} Kd5 {[%clk 00:59:56]} {[%emt 00:00:05]} 37. Rxa6 {[%clk
01:26:10]} {[%emt 00:00:10]} Kc4 {[%clk 01:00:18]} {[%emt 00:00:08]} 38. Ra5
{[%clk 01:26:26]} {[%emt 00:00:14]} g3 {[%clk 00:59:53]} {[%emt 00:00:55]} 39.
fxg3 {[%clk 01:26:51]} {[%emt 00:00:05]} Kd3 {[%clk 01:00:20]} {[%emt
00:00:03]} 40. Rxb5 {[%clk 01:27:12]} {[%emt 00:00:08]} Kxe3 {[%clk 01:00:47]}
{[%emt 00:00:03]} 41. Rxg5 {[%clk 01:27:33]} {[%emt 00:00:10]} Kd3 {[%clk
01:01:06]} {[%emt 00:00:11]} 42. Re5 {[%clk 01:27:58]} {[%emt 00:00:05]} Kd4
{[%emt 00:00:28]} 43. Rxe4 {[%clk 01:28:18]} Kxe4 {[%clk 01:01:45]} {[%emt
00:00:03]} 44. g4 {[%clk 01:28:40]} {[%emt 00:00:08]} Kd5 {[%clk 01:01:54]}
{[%emt 00:00:21]} 45. g5 {[%clk 01:29:04]} {[%emt 00:00:06]} Kd6 {[%clk
01:02:01]} {[%emt 00:00:23]} 46. g6 {[%clk 01:29:26]} {[%emt 00:00:08]} Kc6
{[%clk 01:02:14]} {[%emt 00:00:17]} 47. g7 {[%clk 01:29:50]} {[%emt 00:00:06]}
Kb5 {[%clk 01:02:42]} {[%emt 00:00:02]} 48. g8=Q {[%clk 01:30:12]} {[%emt
00:00:09]} Ka4 {[%clk 01:02:59]} {[%emt 00:00:13]} 49. Qc4 {[%clk 01:30:12]}
{[%emt 00:00:29]} Kxa3 {[%clk 01:03:16]} {[%emt 00:00:13]} 50. b5 {[%clk
01:30:26]} {[%emt 00:00:16]} Kb2 {[%clk 01:03:38]} {[%emt 00:00:08]} 51. Kf2
{[%clk 01:30:46]} {[%emt 00:00:09]} Ka1 {[%clk 01:03:54]} {[%emt 00:00:16]} 52.
Qb4 {[%clk 01:31:08]} {[%emt 00:00:07]} Ka2 {[%clk 01:04:15]} {[%emt 00:00:09]}
53. Ke2 {[%clk 01:31:35]} {[%emt 00:00:03]} 1-0

[Event "DVM U14 2022"]
[Site "Kelheim GER"]
[Date "2022.12.29"]
[Round "6"]
[White "Nolte, Matthis"]
[Black "Li, Luxuan"]
[Result "0-1"]
[Termination "normal"]
[Board "3.4"]
[WhiteElo "1220"]
[BlackElo "1380"]
[WhiteClock "00:10:31"]
[BlackClock "00:40:46"]
[WhiteTeam "SK Blauer Springer Paderborn 1926 e. V."]
[BlackTeam "SK Doppelbauer Kiel"]
[PlyCount "58"]
[WhiteFideId "34640304"]
[BlackFideId "34617507"]
[EventCountry "GER"]
[EventRounds "7"]
[EventType "team-swiss"]
[EventDate "2022.12.26"]

1. e4 {[%clk 01:30:58]} {[%emt 00:00:01]} e5 {[%clk 01:30:31]} {[%emt
00:00:29]} 2. Nf3 {[%clk 01:31:24]} {[%emt 00:00:03]} Nc6 {[%clk 01:30:55]}
{[%emt 00:00:07]} 3. Nc3 {[%clk 01:31:48]} {[%emt 00:00:06]} Nf6 {[%clk
01:31:04]} {[%emt 00:00:20]} 4. d4 {[%clk 01:32:09]} {[%emt 00:00:10]} exd4
{[%clk 01:31:26]} {[%emt 00:00:08]} 5. Nxd4 {[%clk 01:32:32]} {[%emt 00:00:07]}
Bb4 {[%clk 01:31:46]} {[%emt 00:00:10]} 6. Nxc6 {[%clk 01:32:28]} {[%emt
00:00:33]} bxc6 {[%clk 01:32:05]} {[%emt 00:00:12]} 7. Bd3 {[%clk 01:32:16]}
{[%emt 00:00:42]} O-O {[%clk 01:31:32]} {[%emt 00:01:03]} 8. O-O {[%clk
01:31:11]} {[%emt 00:01:34]} d5 {[%clk 01:24:30]} {[%emt 00:07:32]} 9. Bg5
{[%clk 01:25:15]} {[%emt 00:06:27]} Qd6 {[%clk 01:21:04]} {[%emt 00:03:56]} 10.
Bxf6 {[%clk 01:15:14]} {[%emt 00:10:30]} Qxf6 {[%clk 01:21:17]} {[%emt
00:00:17]} 11. Na4 {[%clk 01:13:36]} {[%emt 00:02:08]} Bd6 {[%clk 01:15:45]}
{[%emt 00:06:02]} 12. f4 {[%clk 01:05:59]} {[%emt 00:08:08]} Qd4 {[%clk
01:13:08]} {[%emt 00:03:06]} 13. Kh1 {[%clk 01:05:43]} {[%emt 00:00:47]} Qxa4
{[%clk 01:11:33]} {[%emt 00:02:04]} 14. e5 {[%clk 01:01:13]} {[%emt 00:05:00]}
Be7 {[%clk 01:09:52]} {[%emt 00:02:12]} 15. b3 {[%clk 00:55:19]} {[%emt
00:06:23]} Qb4 {[%clk 01:08:59]} {[%emt 00:01:23]} 16. f5 {[%clk 00:41:30]}
{[%emt 00:14:20]} f6 {[%clk 01:05:10]} {[%emt 00:04:19]} 17. Qh5 {[%clk
00:34:01]} {[%emt 00:07:59]} Qd2 {[%clk 00:55:52]} {[%emt 00:09:48]} 18. Rf3
{[%clk 00:30:07]} {[%emt 00:04:25]} Qg5 {[%clk 00:51:26]} {[%emt 00:04:55]} 19.
Qh3 {[%clk 00:27:49]} {[%emt 00:02:49]} fxe5 {[%clk 00:49:42]} {[%emt
00:02:14]} 20. Rg3 {[%clk 00:23:01]} {[%emt 00:05:17]} Qh4 {[%clk 00:49:25]}
{[%emt 00:00:47]} 21. Qxh4 {[%clk 00:19:45]} {[%emt 00:03:47]} Bxh4 {[%clk
00:49:11]} {[%emt 00:00:43]} 22. Rh3 {[%clk 00:17:48]} {[%emt 00:02:27]} Bf6
{[%clk 00:49:00]} {[%emt 00:00:42]} 23. Rf1 {[%clk 00:17:26]} {[%emt 00:00:51]}
e4 {[%clk 00:47:33]} {[%emt 00:01:57]} 24. Be2 {[%clk 00:17:36]} {[%emt
00:00:20]} Bd7 {[%clk 00:45:16]} {[%emt 00:02:47]} 25. Bg4 {[%clk 00:14:51]}
{[%emt 00:03:15]} a5 {[%clk 00:43:49]} {[%emt 00:01:58]} 26. a4 {[%clk
00:12:51]} {[%emt 00:02:30]} c5 {[%clk 00:43:03]} {[%emt 00:01:16]} 27. Rd1
{[%clk 00:11:46]} {[%emt 00:01:35]} d4 {[%clk 00:42:34]} {[%emt 00:00:58]} 28.
Be2 {[%clk 00:10:38]} {[%emt 00:01:38]} Bxf5 {[%clk 00:40:51]} {[%emt
00:02:13]} 29. Bc4 {[%clk 00:10:31]} {[%emt 00:00:37]} Kh8 {[%clk 00:40:46]}
{[%emt 00:00:35]} 0-1

[Event "DVM U14 2022"]
[Site "Kelheim GER"]
[Date "2022.12.29"]
[Round "6"]
[White "Korchynskyi, Mykola"]
[Black "Zhang, Yibo"]
[Result "1-0"]
[Termination "normal"]
[Board "4.1"]
[WhiteElo "1861"]
[BlackElo "1537"]
[WhiteClock "00:23:38"]
[BlackClock "00:09:29"]
[WhiteTeam "Schachfreunde Essen-Katernberg 04/32 e. V."]
[BlackTeam "SV Stuttgart-Wolfbusch 1956 e.V."]
[PlyCount "69"]
[WhiteFideId "34138005"]
[BlackFideId "16287657"]
[EventCountry "GER"]
[EventRounds "7"]
[EventType "team-swiss"]
[EventDate "2022.12.26"]

1. d4 {[%clk 01:30:57]} {[%emt 00:00:02]} d5 {[%clk 01:30:45]} {[%emt
00:00:15]} 2. c4 {[%clk 01:31:10]} {[%emt 00:00:17]} e6 {[%clk 01:30:59]}
{[%emt 00:00:16]} 3. Nc3 {[%clk 01:31:26]} {[%emt 00:00:13]} Nf6 {[%clk
01:31:16]} {[%emt 00:00:13]} 4. cxd5 {[%clk 01:31:40]} {[%emt 00:00:17]} exd5
{[%clk 01:31:16]} {[%emt 00:00:30]} 5. Bg5 {[%clk 01:32:00]} {[%emt 00:00:10]}
c6 {[%clk 01:30:09]} {[%emt 00:01:38]} 6. e3 {[%clk 01:29:18]} {[%emt
00:03:11]} Bf5 {[%clk 01:24:21]} {[%emt 00:06:18]} 7. Bd3 {[%clk 01:20:19]}
{[%emt 00:09:29]} Bxd3 {[%clk 01:23:10]} {[%emt 00:01:41]} 8. Qxd3 {[%clk
01:20:40]} {[%emt 00:00:08]} Be7 {[%clk 01:22:47]} {[%emt 00:00:53]} 9. Nf3
{[%clk 01:20:32]} {[%emt 00:00:38]} O-O {[%clk 01:22:29]} {[%emt 00:00:48]} 10.
O-O {[%clk 01:20:31]} {[%emt 00:00:32]} Ne4 {[%clk 01:21:57]} {[%emt 00:01:02]}
11. Bf4 {[%clk 01:20:32]} {[%emt 00:00:29]} f5 {[%clk 01:21:56]} {[%emt
00:00:32]} 12. h3 {[%clk 01:15:45]} {[%emt 00:05:19]} Bd6 {[%clk 01:14:32]}
{[%emt 00:07:50]} 13. Ne5 {[%clk 01:14:27]} {[%emt 00:01:48]} Nd7 {[%clk
01:13:13]} {[%emt 00:01:50]} 14. f3 {[%clk 01:09:02]} {[%emt 00:05:56]} Nxe5
{[%clk 01:05:12]} {[%emt 00:08:30]} 15. dxe5 {[%clk 01:02:22]} {[%emt
00:07:09]} Nc5 {[%clk 01:05:09]} {[%emt 00:00:33]} 16. Qd2 {[%clk 01:01:07]}
{[%emt 00:01:45]} Bc7 {[%clk 01:03:57]} {[%emt 00:01:43]} 17. Bg3 {[%clk
00:58:21]} {[%emt 00:03:15]} Qe7 {[%clk 01:02:38]} {[%emt 00:01:50]} 18. f4
{[%clk 00:58:15]} {[%emt 00:00:35]} Rad8 {[%clk 01:01:32]} {[%emt 00:01:36]}
19. Rfd1 {[%clk 00:55:29]} {[%emt 00:03:11]} Ba5 {[%clk 01:01:06]} {[%emt
00:01:01]} 20. Qf2 {[%clk 00:45:05]} {[%emt 00:10:50]} Qe6 {[%clk 00:59:14]}
{[%emt 00:02:27]} 21. Bh4 {[%clk 00:44:33]} {[%emt 00:00:59]} Rd7 {[%clk
00:59:28]} {[%emt 00:00:19]} 22. Qc2 {[%clk 00:42:20]} {[%emt 00:02:42]} Bxc3
{[%clk 00:55:04]} {[%emt 00:04:54]} 23. bxc3 {[%clk 00:42:07]} {[%emt
00:00:44]} Ne4 {[%clk 00:53:52]} {[%emt 00:01:42]} 24. c4 {[%clk 00:39:47]}
{[%emt 00:02:49]} Qh6 {[%clk 00:43:30]} {[%emt 00:10:52]} 25. Be1 {[%clk
00:35:32]} {[%emt 00:04:43]} Rfd8 {[%clk 00:41:55]} {[%emt 00:02:08]} 26. cxd5
{[%clk 00:35:24]} {[%emt 00:00:38]} Rxd5 {[%clk 00:42:01]} {[%emt 00:00:24]}
27. Rxd5 {[%clk 00:35:39]} {[%emt 00:00:14]} Rxd5 {[%clk 00:41:36]} {[%emt
00:00:55]} 28. Qa4 {[%clk 00:26:04]} {[%emt 00:09:54]} a5 {[%clk 00:26:46]}
{[%emt 00:15:32]} 29. Rb1 {[%clk 00:25:23]} {[%emt 00:01:09]} Nc5 {[%clk
00:13:33]} {[%emt 00:13:45]} 30. Qxa5 {[%clk 00:25:39]} {[%emt 00:00:14]} Qe6
{[%clk 00:12:56]} {[%emt 00:01:07]} 31. Qa8 {[%clk 00:25:07]} {[%emt 00:01:02]}
Kf7 {[%clk 00:13:18]} {[%emt 00:00:08]} 32. Bb4 {[%clk 00:24:26]} {[%emt
00:01:04]} b5 {[%clk 00:12:32]} {[%emt 00:01:23]} 33. Rc1 {[%clk 00:23:42]}
{[%emt 00:01:13]} Ne4 {[%clk 00:11:23]} {[%emt 00:01:40]} 34. Rxc6 {[%clk
00:23:38]} {[%emt 00:00:33]} Qe8 {[%clk 00:09:29]} {[%emt 00:02:25]} 35. e6
{[%emt 00:00:23]} 1-0